<?xml version="1.0" encoding="UTF-8"?>
<record
    xmlns:xsi="http://www.w3.org/2001/XMLSchema-instance"
    xsi:schemaLocation="http://www.loc.gov/MARC21/slim http://www.loc.gov/standards/marcxml/schema/MARC21slim.xsd"
    xmlns="http://www.loc.gov/MARC21/slim">

  <leader>05181pam a2200253 i 4500</leader>
  <controlfield tag="005">20160117054009.0</controlfield>
  <controlfield tag="008">850927s1986    enkaf    b    001 0 eng  </controlfield>
  <datafield tag="020" ind1=" " ind2=" ">
    <subfield code="a">0408015365 </subfield>
  </datafield>
  <datafield tag="040" ind1=" " ind2=" ">
    <subfield code="a">DLC</subfield>
    <subfield code="c">DLC</subfield>
    <subfield code="d">DLC</subfield>
    <subfield code="d">CO-BoIAVH</subfield>
  </datafield>
  <datafield tag="041" ind1=" " ind2=" ">
    <subfield code="a">eng</subfield>
  </datafield>
  <datafield tag="082" ind1="0" ind2="4">
    <subfield code="a">069.53</subfield>
    <subfield code="b">T48m</subfield>
  </datafield>
  <datafield tag="100" ind1="1" ind2=" ">
    <subfield code="a">Thomson, Garry</subfield>
  </datafield>
  <datafield tag="245" ind1="1" ind2="4">
    <subfield code="a">The museum environment /</subfield>
    <subfield code="c">Garry Thomson.</subfield>
  </datafield>
  <datafield tag="250" ind1=" " ind2=" ">
    <subfield code="a">Segunda edici&#xF3;n.</subfield>
  </datafield>
  <datafield tag="260" ind1=" " ind2=" ">
    <subfield code="a">London ;</subfield>
    <subfield code="a">Boston :</subfield>
    <subfield code="b">Butterworths, in association with the International Institute for Conservation of Historic and Artistic Works,</subfield>
    <subfield code="c">1986.</subfield>
  </datafield>
  <datafield tag="300" ind1=" " ind2=" ">
    <subfield code="a">293 p&#xE1;ginas, [8] p&#xE1;ginas de l&#xE1;minas : </subfield>
    <subfield code="b">ilustraciones (algunas a color) ; </subfield>
    <subfield code="c">25 cm.</subfield>
  </datafield>
  <datafield tag="504" ind1=" " ind2=" ">
    <subfield code="a">Incluye referencias bibliogr&#xE1;ficas e &#xED;ndice.</subfield>
  </datafield>
  <datafield tag="505" ind1="8" ind2=" ">
    <subfield code="a">Machine generated contents note: Light Part I Surface deterioration -- Light and heat energy -- The spectrum -- The basic light sources -- Colours and materials which change -- Damage caused by UV and visible radiation -- UV radiation and how to deal with it -- Measuring UV and visible radiation -- The reciprocity law -- Controlling visible radiation -- Reducing illuminance -- 50 lux - artificial light -- Diffusion of light -- 200 lux - daylight and artificial light -- Conservation lighting specifications -- Treatment of windows -- Angle at which light falls on exhibits -- Reducing time of exposure -- A suite of exhibition rooms -- Heat -- Control of temperaturet S -- Lighting for professional photography, television -- and restoration -- Electronic flash -- Colour rendering -- The measurement of colour -- The lighting situation and the process of seeing -- Humidity Part I The importance of humidity -- Measuring the humidity in the air -- The wet-and-dry-bulb hygrometer -- Electronic hygrometers -- Non-mechanical hygrometers -- linderstanding the hygrometric chart -- Response of museum material to RH -- Best RH for moisture-containing absorbent materials -- Climate inside anld outside the museum -- Condensation and the dew point -- Humidity control -- RH control in a room -- The humidistat -- Humidifying equipment -- Dehumidifying equipment -- Room RH control: maintenance and air circulation -- Packaged air-conditioning units -- Ducted air conditioning -- RH control in a closed case - buffers -- Silica gel in packing cases -- Exhibition cases -- The buffered case: towards a practical solution -- RH control in a closed case - use of salts -- Mechanical RH stabilisation in cases -- Future development of exhibition case stabilisation -- RH is often a matter of compromise -- Historic buildings closed in winter and churches -- Improvisation and RH control -- Humidity control in archaeology -- Air Pollution Part I The problem -- Particulates -- Particulate concentrations today -- New concrete buildings -- Removal of particulates -- Electrostatic precipitators (electro-filters) -- Gaseous pollution -- Sulphur dioxide (SO2) -- Damage.caused by sulphur dioxide -- Glass and sulphur dioxide -- Effects of sulphur dioxide on lichens and mosses -- Ozone -- Effects of ozone -- Nitrogen oxides -- Effects of nitrogen dioxide -- Levels of ozone and nitrogen dioxide likely to be -- encountered -- Chlorides -- Pollution through storage conditions -- Removal of gaseous pollutants -- Fire extinguishers -- Sound and vibration -- Light Part II Spectral curves -- Sun and sky -- Lamps and control equipment -- Measuring UV -- Luminous efficiency and the light meter -- Some basic light units -- Visual performance -- Luminance and subjective brightness -- The Blue Wool standards -- Damage versus wavelength -- Heat radiated from light sources -- Activation energy -- The primary photochemical reaction -- Placing a colour on the CIE Chromaticity Chart -- The colour rendering calculation -- Colour rendering and the black body convention -- Choosing a fluorescent lamp -- Dimming -- Humidity Part II The standard hygrometric (psychrometric) chart -- The classical air-conditioning operation -- A museum air-conditioning system -- Control -- Heating and cooling loads -- Sensors -- External design conditions -- Dimensional changes caused by RH variation -- Outdoor climate and response of objects indoors -- Does constant RH keep dimensions unchanged at all -- temperatures? -- Effect of people on RH and temperature -- Use of the air moisture-content scale -- The closed and buffered museum case -- Hygrometric half-time -- Materials useful as buffers ,. -- Penetration of oxygen and water vapour through -- plastic films -- Air Pollution Part II Plotting the size distribution of particulates -- Choice of particulate filter -- Efficiency of activated carbon filters -- Room air cleaners -- Measuring concentrations of pollutants in museums -- The fate of sulphur dioxide in the atmosphere -- The formation of ozone -- Computers in environment control -- Data logging -- Future trends in environmental control -- Appendix: Summary of specifications -- References -- Index.</subfield>
  </datafield>
  <datafield tag="650" ind1="1" ind2="4">
    <subfield code="a">Edificios de museos</subfield>
    <subfield code="x">Ingenier&#xED;a ambiental</subfield>
  </datafield>
  <datafield tag="650" ind1="2" ind2="4">
    <subfield code="a">M&#xE9;todos de conservaci&#xF3;n en museos</subfield>
  </datafield>
  <datafield tag="650" ind1="2" ind2="4">
    <subfield code="a">Museos</subfield>
  </datafield>
  <datafield tag="856" ind1="4" ind2="1">
    <subfield code="3">Tabla de contenido</subfield>
    <subfield code="u">http://www.loc.gov/catdir/toc/fy02/85025446.html</subfield>
  </datafield>
  <datafield tag="942" ind1=" " ind2=" ">
    <subfield code="2">ddc</subfield>
    <subfield code="c">LIBRO</subfield>
  </datafield>
  <datafield tag="999" ind1=" " ind2=" ">
    <subfield code="c">5180</subfield>
    <subfield code="d">5180</subfield>
  </datafield>
  <datafield tag="952" ind1=" " ind2=" ">
    <subfield code="0">0</subfield>
    <subfield code="1">0</subfield>
    <subfield code="2">ddc</subfield>
    <subfield code="4">0</subfield>
    <subfield code="7">0</subfield>
    <subfield code="8">GENERAL</subfield>
    <subfield code="I">INV2017</subfield>
    <subfield code="a">Bogota</subfield>
    <subfield code="b">Bogota</subfield>
    <subfield code="d">2006-01-17</subfield>
    <subfield code="e">Amazon</subfield>
    <subfield code="l">0</subfield>
    <subfield code="o">LB-069.53 T48m</subfield>
    <subfield code="p">022908</subfield>
    <subfield code="r">2012-12-04 00:00:00</subfield>
    <subfield code="t">Ej. 1</subfield>
    <subfield code="w">2012-12-04</subfield>
    <subfield code="x">Compra</subfield>
    <subfield code="y">LIBRO</subfield>
  </datafield>
</record>
